| 000 | 00807 a2200205 4500 | ||
|---|---|---|---|
| 001 | 30243 | ||
| 005 | 20260407155614.0 | ||
| 008 | 260407a1967 arg spa d | ||
| 003 | AR-UNSa-BCEJYS | ||
| 040 |
_aAR-UNSa-BCEJYS _bspa _cAR-UNSa-BCEJYS |
||
| 080 |
_a657.474.55 _xCostes directos e indirectos. Costes marginales |
||
| 245 | 1 | 0 | _aContabilidad marginal |
| 264 | 1 |
_aBilbao : _bEdiciones Deusto _c1967 |
|
| 300 |
_a100 p. _c22 cm. |
||
| 505 | _aPrimera parte:Contabilidad Marginal: 1. Introducción - 2. Definiciones - 3. Discusiones --Segunda parte: 1. La contabilidad marginal | ||
| 942 | _cBK | ||
| 590 | _aniveau_biblio:m niveau_hierar:0 | ||
| 100 | 1 | _aRodrigo, Francisco | |
| 856 | 4 | 1 |
_uhttps://biblioeco.unsa.edu.ar/pmb/images/libros/Contablidad marginal-l21890.jpg _yImagen de portada _qimage/jpeg |
| 999 |
_c2064 _d2064 |
||